[Event "Krefeld Pfingsten op"]
[Site "Krefeld"]
[Date "2025.06.08"]
[Round "5"]
[White "Meyer, Ulrich"]
[Black "Heister, Jonas"]
[Result "1-0"]
[WhiteElo "1900"]
[BlackElo "1529"]
[PlyCount "75"]
[EventDate "2025.06.06"]
[EventType "swiss"]
[EventRounds "9"]
[EventCountry "GER"]
[SourceTitle "CB24_2025"]
[SourceDate "2025.06.11"]
[SourceVersion "1"]
[SourceVersionDate "2025.06.11"]
[SourceQuality "1"]

1. e4 e6 2. d4 d5 3. e5 c5 4. c3 Nc6 5. Nf3 Nge7 6. Bd3 Bd7 7. 0-0 Qb6 8. dxc5 Qxc5 9. Be3 Qa5 10. Nbd2 Ng6 11. Nb3 Qc7 12. Bxg6 hxg6 13. Bd4 Be7 14. Re1 b6 15. Rc1 Qb7 16. Qd2 0-0 17. Be3 Rac8 18. Bg5 Rfd8 19. Bxe7 Nxe7 20. Nbd4 a5 21. Qf4 Nf5 22. Rcd1 Rc4 23. Qg5 Rdc8 24. g4 Nxd4 25. Nxd4 b5 26. Re3 b4 27. Rh3 Be8 28. Qh4 Kf8 29. Qh8+ Ke7 30. Qxg7 bxc3 31. Qf6+ Kd7 32. bxc3 Rxc3 33. Nxe6 Qb4 34. Rxd5+ Kc6 35. Rxc3+ Kxd5 36. Nf4+ Kd4 37. Ne2+ Kd5 38. Qf3+ 1-0